[Event "2. Bundesliga West 2016/17"]
[Site "Maeder"]
[Date "2016.11.25"]
[Round "4"]
[Board "3"]
[White "Sucher, Johannes"]
[Black "Frank, Emanuel"]
[Result "1-0"]
[WhiteElo "2122"]
[BlackElo "2189"]
[PlyCount "65"]
[EventDate "2016.10.28"]
[EventType "team"]
[EventRounds "11"]
[EventCountry "AUT"]
[WhiteTeam "Pradl"]
[BlackTeam "ASK Salzburg"]

{2016/17} 1. d4 Nf6 2. Bg5 e6 3. Nd2 h6 4. Bh4 c5 5. e3 cxd4 6. exd4 Be7 7.
Ngf3 b6 8. Bd3 Bb7 9. O-O O-O 10. c3 d6 11. Qe2 Nbd7 12. Nc4 Re8 13. Nfd2 Qc7
14. f4 a6 15. Rae1 b5 16. Ne3 Rac8 17. Bb1 Bf8 18. Ng4 Nd5 19. Qd3 g6 20. f5
exf5 21. Rxe8 Rxe8 22. Rxf5 Nc5 23. dxc5 gxf5 24. Qxf5 Bg7 25. Nxh6+ Kf8 26.
cxd6 Qb6+ 27. Bf2 Re1+ 28. Nf1 Bxh6 29. Bxb6 Be3+ 30. Bxe3 Nxe3 31. d7 Ke7 32.
Qe5+ Kxd7 33. Qxe3 1-0

[Event "2. Bundesliga West 2016/17"]
[Site "Maeder"]
[Date "2016.11.25"]
[Round "4"]
[Board "4"]
[White "Roth, Peter"]
[Black "Matt, Stefan"]
[Result "0-1"]
[WhiteElo "2128"]
[BlackElo "2122"]
[PlyCount "81"]
[EventDate "2016.10.28"]
[EventType "team"]
[EventRounds "11"]
[EventCountry "AUT"]
[WhiteTeam "ASK Salzburg"]
[BlackTeam "Pradl"]

{2016/17} 1. e4 e6 2. d4 d5 3. Nc3 Nf6 4. Bg5 dxe4 5. Nxe4 Be7 6. Bxf6 gxf6 7.
Nf3 f5 8. Nc3 a6 9. Qd2 b5 10. O-O-O Bb7 11. Kb1 Qd6 12. Qh6 Nd7 13. Bd3 O-O-O
14. Rhe1 Nf6 15. Ne5 Ng4 16. Nxg4 fxg4 17. Be4 Bxe4 18. Nxe4 Qd5 19. Qg7 Qf5
20. Rd3 h5 21. Qe5 Qxe5 22. dxe5 h4 23. Red1 Rh5 24. Nc5 Rxe5 25. Rxd8+ Bxd8
26. Nxa6 Be7 27. a3 Re2 28. Rf1 c5 29. b4 c4 30. Kc1 Kb7 31. Nc5+ Bxc5 32. bxc5
Kc6 33. Kd1 Re5 34. f3 Rf5 35. Ke2 gxf3+ 36. Rxf3 Rxf3 37. Kxf3 Kxc5 38. c3 Kd5
39. h3 f6 40. g3 hxg3 41. Kxg3 0-1

[Event "2. Bundesliga West 2016/17"]
[Site "Maeder"]
[Date "2016.11.25"]
[Round "4"]
[Board "5"]
[White "Lins, Philipp"]
[Black "Juergens, Klaus"]
[Result "1-0"]
[WhiteElo "2131"]
[BlackElo "2125"]
[PlyCount "55"]
[EventDate "2016.10.28"]
[EventType "team"]
[EventRounds "11"]
[EventCountry "AUT"]
[WhiteTeam "Pradl"]
[BlackTeam "ASK Salzburg"]

{2016/17} 1. Nf3 Nf6 2. g3 g6 3. Bg2 Bg7 4. O-O O-O 5. c4 d6 6. Nc3 Nc6 7. b3
e5 8. Bb2 Re8 9. d3 h6 10. Qd2 Be6 11. e4 Bg4 12. h3 Bxf3 13. Bxf3 Nd4 14. Bg2
Nh5 15. Ne2 Qg5 16. Qd1 c5 17. Nxd4 cxd4 18. Bf3 Kh7 19. Bc1 Qf6 20. Bxh5 gxh5
21. Qxh5 Qg6 22. Qf3 Bf6 23. Kh2 Rg8 24. Qf5 Bg5 25. g4 Raf8 26. f4 Bh4 27.
fxe5 dxe5 28. Ba3 1-0

[Event "2. Bundesliga West 2016/17"]
[Site "Maeder"]
[Date "2016.11.25"]
[Round "4"]
[Board "6"]
[White "Herrmann, Michael"]
[Black "Praxmarer, Christian"]
[Result "0-1"]
[WhiteElo "2078"]
[BlackElo "1956"]
[PlyCount "78"]
[EventDate "2016.10.28"]
[EventType "team"]
[EventRounds "11"]
[EventCountry "AUT"]
[WhiteTeam "ASK Salzburg"]
[BlackTeam "Pradl"]

{2016/17} 1. c4 e6 2. Nf3 f5 3. g3 Nf6 4. Bg2 Be7 5. d3 O-O 6. O-O d6 7. Nc3
Nc6 8. e4 e5 9. Nd5 Bd7 10. exf5 Bxf5 11. Nh4 Be6 12. Nxe7+ Qxe7 13. f4 Bg4 14.
Bf3 Bxf3 15. Nxf3 Rae8 16. Re1 Qd7 17. Bd2 Qf5 18. Qc2 Qg4 19. Rf1 exf4 20.
Bxf4 Nh5 21. Qg2 Nxf4 22. gxf4 Rxf4 23. Qxg4 Rxg4+ 24. Kf2 Rf4 25. Rae1 Ref8
26. Kg2 Ne5 27. Nxe5 Rxf1 28. Rxf1 Rxf1 29. Kxf1 dxe5 30. Ke2 c5 31. Ke3 Kf7
32. Ke4 Ke6 33. a3 a5 34. b3 g6 35. Kf3 Kf5 36. h3 h6 37. Ke3 g5 38. Kf3 h5 39.
Kg3 e4 0-1

[Event "2. Bundesliga West 2016/17"]
[Site "Maeder"]
[Date "2016.11.26"]
[Round "5"]
[Board "1"]
[White "Votava, Jan"]
[Black "Froewis, Georg"]
[Result "1-0"]
[WhiteElo "2522"]
[BlackElo "2463"]
[PlyCount "89"]
[EventDate "2016.10.28"]
[EventType "team"]
[EventRounds "11"]
[EventCountry "AUT"]
[WhiteTeam "Zillertal"]
[BlackTeam "Hohenems II"]

1. c4 e6 2. Nf3 d5 3. e3 Nf6 4. b3 Be7 5. Bb2 O-O 6. Nc3 c5 7. cxd5 Nxd5 8.
Nxd5 exd5 9. d4 Nc6 10. dxc5 Bxc5 11. a3 Bg4 12. Be2 a5 13. O-O Qd6 14. Qd3 Bh5
15. Rfd1 Rfd8 16. Nh4 Bxe2 17. Qxe2 Qe6 18. Nf3 d4 19. Qc2 Bb6 20. Nxd4 Nxd4
21. exd4 Rd5 22. Rd3 Rad8 23. Qd2 Qd6 24. Kf1 h6 25. a4 Bxd4 26. Rd1 Qa6 27.
Qe2 Qb6 28. g3 Qc6 29. Qd2 Re8 30. Re1 Rdd8 31. Rxe8+ Rxe8 32. Qxa5 Be3 33. Qd5
Qa6 34. Kg2 Ba7 35. Rd2 Re2 36. Be5 Rxd2 37. Qxd2 Qe6 38. Qd8+ Kh7 39. Qd3+ g6
40. Bf4 h5 41. Qf3 h4 42. Qxb7 h3+ 43. Kf1 Bd4 44. Qf3 f5 45. a5 1-0

[Event "2. Bundesliga West 2016/17"]
[Site "Maeder"]
[Date "2016.11.26"]
[Round "5"]
[Board "2"]
[White "Breder, Dennis"]
[Black "Lanka, Zigurds"]
[Result "0-1"]
[WhiteElo "2473"]
[BlackElo "2445"]
[PlyCount "84"]
[EventDate "2016.10.28"]
[EventType "team"]
[EventRounds "11"]
[EventCountry "AUT"]
[WhiteTeam "Hohenems II"]
[BlackTeam "Zillertal"]

1. d4 Nf6 2. Nf3 e6 3. e3 b6 4. Bd3 Bb7 5. O-O c5 6. c4 g6 7. d5 d6 8. e4 e5 9.
Ne1 Bg7 10. Nc3 O-O 11. Be3 Kh8 12. a3 Ng8 13. Qd2 a6 14. g3 Bc8 15. f4 exf4
16. gxf4 f5 17. Nf3 fxe4 18. Nxe4 b5 19. cxb5 axb5 20. Bxb5 Na6 21. Rae1 Rb8
22. Nc3 Nc7 23. Bc4 Nh6 24. Kh1 Bh3 25. Rg1 Bd7 26. Ne5 dxe5 27. fxe5 Ng4 28.
d6 Bc6+ 29. Nd5 Nxd5 30. Bxd5 Nxe5 31. Bxc6 Nxc6 32. Bxc5 Rxb2 33. Qg5 Qd7 34.
Rg2 Rf5 35. Qe3 Re5 36. Qc1 Rxg2 37. Kxg2 Qg4+ 38. Kf1 Qf3+ 39. Bf2 Qh1+ 40.
Bg1 Rf5+ 41. Ke2 Qf3+ 42. Kd2 Rd5+ 0-1

[Event "2. Bundesliga West 2016/17"]
[Site "Maeder"]
[Date "2016.11.26"]
[Round "5"]
[Board "3"]
[White "Hausner, Ivan"]
[Black "Baenziger, Fabian"]
[Result "1/2-1/2"]
[WhiteElo "2360"]
[BlackElo "2314"]
[PlyCount "64"]
[EventDate "2016.10.28"]
[EventType "team"]
[EventRounds "11"]
[EventCountry "AUT"]
[WhiteTeam "Zillertal"]
[BlackTeam "Hohenems II"]

1. e4 c5 2. Nf3 e6 3. d3 Nc6 4. g3 g6 5. Bg2 Bg7 6. O-O d6 7. Nbd2 Nge7 8. Re1
O-O 9. c3 e5 10. Nc4 h6 11. a4 Be6 12. Nh4 d5 13. exd5 Bxd5 14. Bf1 f5 15. Nf3
Bxc4 16. dxc4 e4 17. Nh4 g5 18. Ng2 Ne5 19. Be2 Qc7 20. Qc2 Rad8 21. Rd1 N7c6
22. Rxd8 Rxd8 23. Ne3 Qf7 24. Nd5 Ne7 25. Nxe7+ Qxe7 26. Be3 Rf8 27. Qd2 b6 28.
Rd1 Qf7 29. Qd5 f4 30. Bc1 fxg3 31. hxg3 Kh8 32. Qxf7 Rxf7 1/2-1/2

[Event "2. Bundesliga West 2016/17"]
[Site "Maeder"]
[Date "2016.11.26"]
[Round "5"]
[Board "5"]
[White "Tabernig, Bernhard"]
[Black "Atlas, Dmitry"]
[Result "1-0"]
[WhiteElo "2330"]
[BlackElo "2218"]
[PlyCount "55"]
[EventDate "2016.10.28"]
[EventType "team"]
[EventRounds "11"]
[EventCountry "AUT"]
[WhiteTeam "Zillertal"]
[BlackTeam "Hohenems II"]

1. d4 d5 2. c4 c6 3. Nc3 Nf6 4. Nf3 e6 5. Bg5 dxc4 6. e4 b5 7. e5 h6 8. Bh4 g5
9. Nxg5 hxg5 10. Bxg5 Be7 11. exf6 Bxf6 12. Bxf6 Qxf6 13. g3 Bb7 14. Bg2 Na6
15. a4 O-O-O 16. axb5 Rxd4 17. Qe2 cxb5 18. Bxb7+ Kxb7 19. Nxb5 Rd5 20. Nc3 Re5
21. Ne4 Qe7 22. O-O Nc5 23. Nxc5+ Rxc5 24. Qf3+ Kb8 25. b4 Rc7 26. Rfc1 Rhc8
27. Ra5 c3 28. Rxc3 1-0

[Event "2. Bundesliga West 2016/17"]
[Site "Maeder"]
[Date "2016.11.26"]
[Round "5"]
[Board "6"]
[White "Sandholzer, Robert"]
[Black "Schiestl, Josef"]
[Result "0-1"]
[WhiteElo "2156"]
[BlackElo "2123"]
[PlyCount "74"]
[EventDate "2016.10.28"]
[EventType "team"]
[EventRounds "11"]
[EventCountry "AUT"]
[WhiteTeam "Hohenems II"]
[BlackTeam "Zillertal"]

1. e4 c5 2. Nf3 e6 3. d4 cxd4 4. Nxd4 a6 5. Bd3 Bc5 6. Nb3 Ba7 7. Qg4 Nf6 8.
Qg3 d6 9. Nc3 Nc6 10. O-O b5 11. Kh1 Bb7 12. f4 b4 13. Ne2 h5 14. Ng1 h4 15.
Qh3 d5 16. e5 Ne4 17. Bxe4 dxe4 18. Be3 Bxe3 19. Qxe3 Ne7 20. Rfd1 Qc7 21. Nd4
Nd5 22. Qf2 h3 23. Nxh3 Rxh3 24. gxh3 e3 25. Qh4 Nxf4+ 26. Kg1 Qxe5 27. Qh8+
Ke7 28. Qh4+ g5 29. Qg4 e2 30. Nxe2 Nxe2+ 31. Kf1 Nf4 32. h4 Rg8 33. Rd2 f5 34.
Qg1 g4 35. Rad1 Bf3 36. Rd7+ Kf6 37. Qa7 Qe2+ 0-1

[Event "2. Bundesliga West 2016/17"]
[Site "Maeder"]
[Date "2016.11.26"]
[Round "5"]
[Board "1"]
[White "Gatterer, Florian"]
[Black "Novkovic, Milan"]
[Result "1/2-1/2"]
[WhiteElo "2281"]
[BlackElo "2371"]
[PlyCount "163"]
[EventDate "2016.10.28"]
[EventType "team"]
[EventRounds "11"]
[EventCountry "AUT"]
[WhiteTeam "Rochade Rum"]
[BlackTeam "Dornbirn"]

1. c4 e6 2. Nf3 Nf6 3. Nc3 c5 4. g3 b6 5. Bg2 Bb7 6. O-O Be7 7. Re1 d6 8. e4 a6
9. d4 cxd4 10. Nxd4 Qc7 11. Be3 Nbd7 12. f4 Rc8 13. Rc1 O-O 14. g4 Nc5 15. Bf2
g6 16. f5 e5 17. Nb3 h6 18. Nxc5 bxc5 19. Bf3 Nh7 20. Rc2 Bg5 21. Qe2 Rb8 22.
Rd1 Rfd8 23. Be3 Qe7 24. Rcd2 Bxe3+ 25. Qxe3 Kg7 26. Rd3 Ba8 27. b3 g5 28. Qd2
Rb6 29. Na4 Rc6 30. Kg2 Nf6 31. h3 Ne8 32. Nc3 Rc7 33. Kg3 Bc6 34. Bg2 Rb7 35.
Rf1 Nf6 36. Rh1 Nh7 37. Rf3 Qf6 38. Rd1 Rbd7 39. Rd3 Qe7 40. Rf1 Nf6 41. Bh1
Rg8 42. Kh2 Rb8 43. Rg3 Kh7 44. Rd1 Ne8 45. Rd3 Kg7 46. Rg1 Nf6 47. Rd1 Rbd8
48. Rf1 Kf8 49. Rg3 Ke8 50. Rgg1 Qf8 51. Bf3 Ke7 52. Kg3 Qg7 53. Rh1 Rb8 54.
Rb1 Qg8 55. Rhd1 Rb6 56. Rh1 Rd8 57. Kf2 Qh8 58. Ke3 Rdb8 59. Qc2 Rg8 60. Ke2
Qg7 61. Qd2 Qf8 62. Rhd1 Qb8 63. Qc2 Rh8 64. Rh1 Qa8 65. Ke3 Rbb8 66. Rbd1 Rbg8
67. Qd2 Qb8 68. Kf2 Qc7 69. Kg3 Kd7 70. Rhg1 Qb8 71. Qc2 Qf8 72. Rb1 h5 73. Rh1
hxg4 74. hxg4 Rh4 75. Rbd1 Rgh8 76. Qd2 Rxh1 77. Bxh1 Kc7 78. Bf3 Qe7 79. Rh1
Rxh1 80. Bxh1 Nd7 81. Bf3 Qd8 82. Qh2 1/2-1/2

[Event "2. Bundesliga West 2016/17"]
[Site "Maeder"]
[Date "2016.11.26"]
[Round "5"]
[Board "2"]
[White "Schmidlechner, Alexander"]
[Black "Spornberger, Maximilian"]
[Result "1/2-1/2"]
[WhiteElo "2201"]
[BlackElo "2300"]
[PlyCount "73"]
[EventDate "2016.10.28"]
[EventType "team"]
[EventRounds "11"]
[EventCountry "AUT"]
[WhiteTeam "Dornbirn"]
[BlackTeam "Rochade Rum"]

1. d4 g6 2. e4 Bg7 3. Nc3 d6 4. g3 Nc6 5. Be3 e5 6. d5 Nce7 7. Bg2 f5 8. exf5
Nxf5 9. Bc1 Nf6 10. Nf3 O-O 11. O-O h6 12. Re1 Qe8 13. Nd2 Qf7 14. Nde4 Bd7 15.
Nxf6+ Qxf6 16. Ne4 Qf7 17. Be3 Nxe3 18. fxe3 h5 19. Rf1 Qe7 20. h4 Bh6 21. Qe2
Bg4 22. Qd2 Kg7 23. Rxf8 Rxf8 24. Rf1 Bf5 25. Qe2 Qd7 26. b3 c6 27. Ng5 cxd5
28. Bxd5 Bxg5 29. hxg5 Qe7 30. e4 Bg4 31. Qe3 Rxf1+ 32. Kxf1 b6 33. Kg2 Bc8 34.
c4 Qd7 35. Qf2 Qe7 36. Qd2 Bg4 37. Qf2 1/2-1/2

[Event "2. Bundesliga West 2016/17"]
[Site "Maeder"]
[Date "2016.11.26"]
[Round "5"]
[Board "3"]
[White "Spornberger, Andre"]
[Black "Leutwyler, Martin"]
[Result "1-0"]
[WhiteElo "2288"]
[BlackElo "2164"]
[PlyCount "93"]
[EventDate "2016.10.28"]
[EventType "team"]
[EventRounds "11"]
[EventCountry "AUT"]
[WhiteTeam "Rochade Rum"]
[BlackTeam "Dornbirn"]

1. e4 c6 2. d4 d5 3. exd5 cxd5 4. Bf4 Nf6 5. c3 Nc6 6. Nd2 g6 7. Ngf3 a6 8. Bd3
Bf5 9. Bxf5 gxf5 10. Ne5 Nxe5 11. dxe5 Ne4 12. e6 fxe6 13. Nxe4 fxe4 14. Qg4
Kd7 15. Be5 h5 16. Qxe4 dxe4 17. Rd1+ Kc6 18. Rxd8 Rxd8 19. Bxh8 Rd3 20. Ke2
Bh6 21. Rd1 Rd5 22. Bd4 b5 23. Be3 Bg7 24. h3 b4 25. cxb4 Bxb2 26. a4 Be5 27.
Rc1+ Kd7 28. Rc4 Bb2 29. Rxe4 Bf6 30. g4 hxg4 31. hxg4 e5 32. g5 Bg7 33. Rh4
Ke6 34. Rc4 Kd6 35. Rc8 Ke6 36. Ra8 Rd6 37. b5 axb5 38. axb5 e4 39. b6 Rd7 40.
Ra7 Rd8 41. Ra4 Kf5 42. b7 Be5 43. Ra8 Rb8 44. Rxb8 Bxb8 45. Kd2 Ke6 46. Kc3
Kd5 47. Kb4 1-0

[Event "2. Bundesliga West 2016/17"]
[Site "Maeder"]
[Date "2016.11.26"]
[Round "5"]
[Board "4"]
[White "Novkovic, Julia"]
[Black "Moroder, Stefan"]
[Result "1/2-1/2"]
[WhiteElo "2135"]
[BlackElo "2206"]
[PlyCount "62"]
[EventDate "2016.10.28"]
[EventType "team"]
[EventRounds "11"]
[EventCountry "AUT"]
[WhiteTeam "Dornbirn"]
[BlackTeam "Rochade Rum"]

1. e4 c5 2. Nf3 d6 3. d4 cxd4 4. Nxd4 Nf6 5. Nc3 a6 6. h3 e5 7. Nde2 Nbd7 8. g4
h6 9. Bg2 b5 10. Ng3 Bb7 11. O-O b4 12. Nd5 Bxd5 13. exd5 g6 14. a3 bxa3 15.
Rxa3 Bg7 16. Qe2 a5 17. Bd2 Qb6 18. b4 Qc7 19. Rxa5 Rxa5 20. bxa5 O-O 21. Bb4
Rc8 22. c3 Nc5 23. Rd1 Nfd7 24. Qa2 Ra8 25. Bf1 e4 26. Bg2 e3 27. fxe3 Be5 28.
Nf1 Nb7 29. Qe2 Nxa5 30. Ra1 Nc5 31. Qb5 Ncb3 1/2-1/2

[Event "2. Bundesliga West 2016/17"]
[Site "Maeder"]
[Date "2016.11.26"]
[Round "5"]
[Board "5"]
[White "Hengl, Christian"]
[Black "Kanonier, Clemens"]
[Result "0-1"]
[WhiteElo "2226"]
[BlackElo "2160"]
[PlyCount "56"]
[EventDate "2016.10.28"]
[EventType "team"]
[EventRounds "11"]
[EventCountry "AUT"]
[WhiteTeam "Rochade Rum"]
[BlackTeam "Dornbirn"]

1. e4 e5 2. Nf3 Nc6 3. Bc4 Nf6 4. d4 exd4 5. O-O Nxe4 6. Re1 d5 7. Bxd5 Qxd5 8.
Nc3 Qh5 9. Nxe4 Be6 10. Bg5 Bd6 11. Nxd6+ cxd6 12. Bf4 Qd5 13. c3 Kd7 14. Qa4
b5 15. Qa6 Rhb8 16. Qa3 d3 17. Rad1 b4 18. Qa4 Qc4 19. Bg3 bxc3 20. Qa3 Rxb2
21. Qxd6+ Ke8 22. Ng5 Rd8 23. Qc7 Re2 24. Bd6 Rd7 25. Qc8+ Nd8 26. Qb8 d2 27.
Rf1 c2 28. Nxh7 cxd1=Q 0-1

[Event "2. Bundesliga West 2016/17"]
[Site "Maeder"]
[Date "2016.11.26"]
[Round "5"]
[Board "6"]
[White "Gsteu, Peter"]
[Black "Jedinger, Andreas"]
[Result "1/2-1/2"]
[WhiteElo "2061"]
[BlackElo "2120"]
[PlyCount "97"]
[EventDate "2016.10.28"]
[EventType "team"]
[EventRounds "11"]
[EventCountry "AUT"]
[WhiteTeam "Dornbirn"]
[BlackTeam "Rochade Rum"]

1. d4 Nf6 2. Bf4 g6 3. e3 Bg7 4. Nf3 d6 5. h3 O-O 6. Be2 Nbd7 7. O-O b6 8. c4
Bb7 9. Nc3 a6 10. Qc2 Qe8 11. Bh2 e5 12. d5 Qe7 13. Rfd1 h6 14. b4 Nh7 15. Rac1
f5 16. Bf1 g5 17. Nd2 Rf7 18. Nb3 Raf8 19. Be2 Ndf6 20. Bd3 e4 21. Be2 Bc8 22.
Nd4 h5 23. c5 bxc5 24. bxc5 dxc5 25. Nc6 Qe8 26. Bc4 Kh8 27. Na4 Nd7 28. Bb3 f4
29. Nxc5 fxe3 30. fxe3 Rf2 31. Rd2 Rxd2 32. Qxd2 Nxc5 33. Rxc5 g4 34. h4 g3 35.
Bxg3 Qg6 36. Bf4 Bf6 37. Nd4 Bxh4 38. Rxc7 Bh3 39. Kh2 Rxf4 40. exf4 Qg3+ 41.
Kh1 e3 42. Qe2 Bg4 43. Nf3 Bxf3 44. Rc8+ Kg7 45. Rc7+ Kh6 46. Rc6+ Nf6 47.
Rxf6+ Bxf6 48. gxf3 Qxf4 49. d6 1/2-1/2

[Event "2. Bundesliga West 2016/17"]
[Site "Maeder"]
[Date "2016.11.26"]
[Round "5"]
[Board "1"]
[White "Dobosz, Henryk"]
[Black "Bertagnolli, Alexander"]
[Result "1/2-1/2"]
[WhiteElo "2390"]
[BlackElo "2375"]
[PlyCount "69"]
[EventDate "2016.10.28"]
[EventType "team"]
[EventRounds "11"]
[EventCountry "AUT"]
[WhiteTeam "Bregenz 2"]
[BlackTeam "Kufstein/Woergl"]

1. d4 Nf6 2. Nf3 g6 3. Bg5 Bg7 4. c3 c5 5. e3 Qb6 6. Qb3 Qxb3 7. axb3 d6 8. h3
O-O 9. Nbd2 Nbd7 10. Bd3 cxd4 11. exd4 e5 12. O-O h6 13. Bxf6 Bxf6 14. Nc4 exd4
15. cxd4 d5 16. Nce5 Nxe5 17. Nxe5 Bd8 18. f4 Bb6 19. Nf3 Re8 20. Rfe1 Bd7 21.
Kf2 Kg7 22. Rxe8 Rxe8 23. Re1 Rxe1 24. Kxe1 Bc7 25. Ne5 Be8 26. Be2 f6 27. Nd3
Kf7 28. Bf3 Ke6 29. Nc5+ Kd6 30. f5 b6 31. Ne6 gxf5 32. Nxc7 Kxc7 33. g3 Kd6
34. Kd2 f4 35. gxf4 1/2-1/2

[Event "2. Bundesliga West 2016/17"]
[Site "Maeder"]
[Date "2016.11.26"]
[Round "5"]
[Board "2"]
[White "Koepke, Christian"]
[Black "Bezler, Rainer"]
[Result "1/2-1/2"]
[WhiteElo "2305"]
[BlackElo "2234"]
[PlyCount "92"]
[EventDate "2016.10.28"]
[EventType "team"]
[EventRounds "11"]
[EventCountry "AUT"]
[WhiteTeam "Kufstein/Woergl"]
[BlackTeam "Bregenz 2"]

1. e4 c5 2. Nf3 d6 3. Bb5+ Bd7 4. Bxd7+ Qxd7 5. c4 Nf6 6. d4 cxd4 7. Nxd4 Nc6
8. Nc3 g6 9. f3 Bg7 10. Be3 O-O 11. O-O Rac8 12. b3 Rfd8 13. Rc1 e6 14. Re1 d5
15. cxd5 exd5 16. Nxc6 bxc6 17. e5 Ne8 18. Bf2 Qc7 19. Bh4 f6 20. exf6 Nxf6 21.
Na4 Re8 22. Qc2 Rxe1+ 23. Rxe1 c5 24. Bf2 d4 25. Qc4+ Qf7 26. Qxf7+ Kxf7 27.
Rc1 Nd7 28. Kf1 Ke6 29. Re1+ Kd6 30. Bg3+ Be5 31. Nb2 Kd5 32. Nc4 Bf6 33. Re4
Rc6 34. Ke2 Re6 35. Kd3 Re7 36. Bf2 Re6 37. Bg3 Ra6 38. a4 Re6 39. Bf2 Re7 40.
Bg3 Re6 41. Rxe6 Kxe6 42. Ke4 Bg7 43. Bh4 Bf6 44. Bg3 Bg7 45. Bh4 Bf6 46. Bg3
Bg7 1/2-1/2

[Event "2. Bundesliga West 2016/17"]
[Site "Maeder"]
[Date "2016.11.26"]
[Round "5"]
[Board "3"]
[White "Barthelmann, Benno"]
[Black "Levushkina, Elena"]
[Result "0-1"]
[WhiteElo "2097"]
[BlackElo "2342"]
[PlyCount "34"]
[EventDate "2016.10.28"]
[EventType "team"]
[EventRounds "11"]
[EventCountry "AUT"]
[WhiteTeam "Bregenz 2"]
[BlackTeam "Kufstein/Woergl"]

1. c4 e5 2. Nc3 Nf6 3. Nf3 Nc6 4. g3 Bb4 5. Bg2 O-O 6. O-O e4 7. Ng5 Bxc3 8.
bxc3 Re8 9. d3 exd3 10. exd3 d6 11. Ne4 h6 12. c5 Nxe4 13. Bxe4 dxc5 14. Qc2
Bh3 15. Rd1 Qf6 16. Bf4 b5 17. Be3 Rxe4 0-1

[Event "2. Bundesliga West 2016/17"]
[Site "Maeder"]
[Date "2016.11.26"]
[Round "5"]
[Board "4"]
[White "Neuschmied, Siegfried"]
[Black "Amann, Harald"]
[Result "1-0"]
[WhiteElo "2153"]
[BlackElo "2049"]
[PlyCount "113"]
[EventDate "2016.10.28"]
[EventType "team"]
[EventRounds "11"]
[EventCountry "AUT"]
[WhiteTeam "Kufstein/Woergl"]
[BlackTeam "Bregenz 2"]

1. e4 e6 2. d4 d5 3. e5 c5 4. c3 Nc6 5. Nf3 Qb6 6. Be2 Bd7 7. O-O Be7 8. dxc5
Bxc5 9. b4 Be7 10. Bd3 Rc8 11. Re1 Qc7 12. Bf4 Nd8 13. g4 h5 14. g5 g6 15. Nh4
Bf8 16. a3 Ne7 17. Bg3 Qb6 18. Bf1 Bb5 19. Bg2 Nf5 20. Nxf5 gxf5 21. h4 Be7 22.
Re3 Rc4 23. Nd2 Rg4 24. a4 Bc4 25. a5 Qc7 26. f4 Bb5 27. Bh3 Nc6 28. Bxg4 hxg4
29. Nb3 a6 30. Qd2 Bc4 31. Nd4 Qc8 32. Ree1 Na7 33. Bf2 Nb5 34. Nxb5 Bxb5 35.
Kg2 Kf8 36. Kg3 Kg7 37. Bd4 Kg6 38. h5+ Rxh5 39. Rh1 Qh8 40. Qg2 Rh3+ 41. Rxh3
Qxh3+ 42. Qxh3 gxh3 43. Rh1 Kg7 44. Rxh3 Bc4 45. Kf2 Bb5 46. Ke3 Bc4 47. Bb6
Bb5 48. Kd4 Kg8 49. Bc7 Kg7 50. Bd6 Bd8 51. Kc5 Kg8 52. Bb8 Bc6 53. Kd6 Kg7 54.
Bc7 Bxc7+ 55. Kxc7 Kg8 56. Kd6 Kf8 57. Rh6 1-0

[Event "2. Bundesliga West 2016/17"]
[Site "Maeder"]
[Date "2016.11.26"]
[Round "5"]
[Board "5"]
[White "Dorner, Guenther"]
[Black "Atzl, Florian"]
[Result "1-0"]
[WhiteElo "1917"]
[BlackElo "1996"]
[PlyCount "73"]
[EventDate "2016.10.28"]
[EventType "team"]
[EventRounds "11"]
[EventCountry "AUT"]
[WhiteTeam "Bregenz 2"]
[BlackTeam "Kufstein/Woergl"]

1. e4 c5 2. c3 d5 3. exd5 Qxd5 4. d4 Nf6 5. Nf3 e6 6. Be2 Nc6 7. O-O Be7 8. Na3
O-O 9. Nb5 Bd8 10. dxc5 Qxc5 11. Be3 Qd5 12. Qc2 a6 13. Rfd1 Qh5 14. Nbd4 Ng4
15. Bf4 Nxd4 16. Rxd4 Bb6 17. Ne5 Bxd4 18. Bxg4 Qxe5 19. Bxe5 Bxe5 20. Rd1 Rb8
21. Qe4 Bf6 22. Be2 b5 23. Bd3 Rd8 24. Qxh7+ Kf8 25. h4 Bb7 26. h5 Ke7 27. Be2
Rxd1+ 28. Bxd1 Rd8 29. Qc2 Bg5 30. Qb3 e5 31. Qb4+ Ke8 32. Qg4 Bf4 33. Bf3 Bxf3
34. Qxf3 Rd2 35. g3 Bg5 36. Qf5 f6 37. Qe6+ 1-0

[Event "2. Bundesliga West 2016/17"]
[Site "Maeder"]
[Date "2016.11.26"]
[Round "5"]
[Board "6"]
[White "Anibas, Juergen"]
[Black "Kozissnik, Christian"]
[Result "1/2-1/2"]
[WhiteElo "2034"]
[BlackElo "1917"]
[PlyCount "97"]
[EventDate "2016.10.28"]
[EventType "team"]
[EventRounds "11"]
[EventCountry "AUT"]
[WhiteTeam "Kufstein/Woergl"]
[BlackTeam "Bregenz 2"]

1. d4 e6 2. Nf3 c5 3. e3 Nf6 4. Bd3 Nc6 5. O-O d5 6. b3 cxd4 7. exd4 Bd6 8. Bb2
O-O 9. Nbd2 Qc7 10. a3 Re8 11. h3 h6 12. Re1 e5 13. dxe5 Nxe5 14. Nxe5 Bxe5 15.
Bxe5 Rxe5 16. Rxe5 Qxe5 17. Nf3 Qh5 18. Nh2 Qxd1+ 19. Rxd1 Bd7 20. Nf3 Re8 21.
Nd4 Ne4 22. Kf1 a6 23. f3 Nc5 24. Bf5 Ne6 25. Kf2 g6 26. Nxe6 Bxe6 27. Bd3 Kg7
28. f4 Kf6 29. Re1 Bd7 30. Rxe8 Bxe8 31. Ke3 Ke6 32. Kd4 Kd6 33. Be2 a5 34. Bf3
Bc6 35. b4 axb4 36. axb4 b5 37. h4 f6 38. Bg4 Bb7 39. c3 Bc6 40. g3 g5 41. fxg5
fxg5 42. hxg5 hxg5 43. Bf5 Bb7 44. Bh7 Bc6 45. Bg6 Bd7 46. Bh5 Bc6 47. Bf7 Bb7
48. Be8 Ba6 49. Bh5 1/2-1/2

[Event "2. Bundesliga West 2016/17"]
[Site "Maeder"]
[Date "2016.11.26"]
[Round "5"]
[Board "1"]
[White "Gretz, Denis"]
[Black "Dovzik, Juri"]
[Result "1/2-1/2"]
[WhiteElo "2339"]
[BlackElo "2284"]
[PlyCount "61"]
[EventDate "2016.10.28"]
[EventType "team"]
[EventRounds "11"]
[EventCountry "AUT"]
[WhiteTeam "Goetzis 2"]
[BlackTeam "Ranshofen"]

1. e4 c5 2. Nf3 e6 3. d4 cxd4 4. Nxd4 Nc6 5. Nc3 Qc7 6. Be2 a6 7. O-O Nf6 8.
Be3 Be7 9. Kh1 O-O 10. f4 d6 11. a4 Bd7 12. Qe1 Rfe8 13. Qg3 Rad8 14. Nxc6 Bxc6
15. Bd4 b6 16. e5 Ne4 17. Nxe4 Bxe4 18. exd6 Bxd6 19. c3 e5 20. fxe5 Bxe5 21.
Bxe5 Qxe5 22. Qxe5 Rxe5 23. Rf2 Rd7 24. Kg1 Bc6 25. Bf3 Bxf3 26. Rxf3 Re2 27.
Rf2 Re4 28. a5 Re5 29. Rf3 Re2 30. Rf2 Re5 31. Rf3 1/2-1/2

[Event "2. Bundesliga West 2016/17"]
[Site "Maeder"]
[Date "2016.11.26"]
[Round "5"]
[Board "2"]
[White "Knechtel, Roland"]
[Black "Anistratov, Dmitrij"]
[Result "0-1"]
[WhiteElo "2266"]
[BlackElo "2304"]
[PlyCount "108"]
[EventDate "2016.10.28"]
[EventType "team"]
[EventRounds "11"]
[EventCountry "AUT"]
[WhiteTeam "Ranshofen"]
[BlackTeam "Goetzis 2"]

1. d4 d6 2. Nf3 Nf6 3. c4 Nbd7 4. Nc3 c6 5. Bg5 e5 6. e3 Be7 7. Be2 O-O 8. Qc2
Ne8 9. Bxe7 Qxe7 10. O-O Nef6 11. dxe5 Nxe5 12. Nd4 Be6 13. Rfd1 Rad8 14. Qa4
a6 15. e4 Bc8 16. Qc2 Rfe8 17. h3 Ng6 18. Bd3 Nf4 19. Re1 Qe5 20. Nf5 g6 21.
Ng3 h5 22. Re3 h4 23. Nge2 N6h5 24. Nxf4 Nxf4 25. Ne2 Nxd3 26. Qxd3 Qxb2 27.
Qd1 d5 28. cxd5 cxd5 29. exd5 Rxe3 30. fxe3 Qe5 31. Qd4 Rxd5 32. Qxe5 Rxe5 33.
Kf2 Bf5 34. Rd1 Ra5 35. Rd2 Ra3 36. Rb2 b5 37. Nd4 Be4 38. Nb3 Bd5 39. g3 hxg3+
40. Kxg3 Bc4 41. Kf4 Kf8 42. h4 Be6 43. e4 Ke7 44. Ke5 f6+ 45. Kf4 Bf7 46. Kg4
Ra4 47. Kf3 Rb4 48. h5 gxh5 49. Kf4 a5 50. Rc2 Bxb3 51. axb3 Rxb3 52. Rc7+ Ke6
53. Rc6+ Kf7 54. e5 fxe5+ 0-1